Intézményválasztási döntések a részidős hallgatók körében?

Jelen kutatásban a felsőoktatási felnőttoktatás legfontosabb aktoraival, a nem nappali tagozatos hallgatókkal foglalkozunk. Azt vizsgáljuk, hogy milyen szempontok alapján választanak felsőoktatási intézményt az észak-alföldi régió két felsőoktatási intézményének (Debreceni Egyetem, Nyíregyházi Főisk...

Teljes leírás

Elmentve itt :
Bibliográfiai részletek
Szerző: Tőzsér Zoltán
Dokumentumtípus: Cikk
Megjelent: 2013
Sorozat:Iskolakultúra 23 No. 7-8
Online Access:http://misc.bibl.u-szeged.hu/42004
LEADER 01026nab a2200181 i 4500
001 misc42004
005 20191106140525.0
008 180706s2013 hu o 0|| zxx d
022 |a 1215-5233 
040 |a SZTE Miscellanea Repozitórium  |b hun 
041 |a zxx 
100 1 |a Tőzsér Zoltán 
245 1 0 |a Intézményválasztási döntések a részidős hallgatók körében?  |h [elektronikus dokumentum] /  |c  Tőzsér Zoltán 
260 |c 2013 
300 |a 84-101 
490 0 |a Iskolakultúra  |v 23 No. 7-8 
520 3 |a Jelen kutatásban a felsőoktatási felnőttoktatás legfontosabb aktoraival, a nem nappali tagozatos hallgatókkal foglalkozunk. Azt vizsgáljuk, hogy milyen szempontok alapján választanak felsőoktatási intézményt az észak-alföldi régió két felsőoktatási intézményének (Debreceni Egyetem, Nyíregyházi Főiskola) részidős képzéseire (levelező, esti és távoktatás) járó hallgatók. 
856 4 0 |u http://misc.bibl.u-szeged.hu/42004/1/EPA00011_iskolakultura_2013_7-8_084-101.pdf  |z Dokumentum-elérés